000 00676nam a2200241Ia 4500
003 OSt
005 20220926013005.0
006 a|||||r|||| 00| 0
007 ta
008 220923b |||||||| |||| 00| 0 eng d
037 _cGeneral Book
040 _aRTL
_cRTL
_beng
041 _2eng
_aeng
082 _aX:57.73ok.N6, K4
100 _aAubrey Henry G
_9126629
245 0 _aDoller in world affairs
_b An essay in international
260 _aNew York
_bHARPER
_ ROW
_c1964
300 _a292p
_ccm.
650 _a Foreign Exchange
650 _aEconomics
942 _hX:57.73ok.N6, K4
_cGB
_2CC
999 _c624853
_d624853